| 000 | 00585nam a2200193Ia 4500 | ||
|---|---|---|---|
| 003 | SISC | ||
| 005 | 20170615091731.0 | ||
| 008 | 140611s9999 xx 000 0 und d | ||
| 020 | _a9789814392105 | ||
| 050 |
_aLC 3993.22 _b.T673p2B 2012 |
||
| 245 |
_aTop Chinese enrichment programme 2B (primary) / _cConfucius Institute |
||
| 260 |
_aSingapore : _bCengage Learning Asia Pte Ltd, _cc2012. |
||
| 300 |
_a110 p. : _billustrations ; _c26 cm. |
||
| 650 |
_aChinese Language _xStudy and Teachings |
||
| 800 | _aKiat, Koh Hock | ||
| 942 |
_2lcc _cBK |
||
| 999 |
_c118392 _d118392 |
||